Normal view
MARC view
Entry Nombre personal
001 - NÚMERO DE CONTROL
- campo de control: 190001
003 - IDENTIFICADOR DEL NÚMERO DE CONTROL
- campo de control: CHAP
005 - FECHA Y HORA DE LA ÚLTIMA TRANSACCIÓN
- campo de control: 20250130080257.0
008 - DATOS DE LONGITUD FIJA
- campo de control de longitud fija: 250130|| aca||aabn | a|a d
040 ## - FUENTE DE LA CATALOGACIÓN
- Centro catalogador/agencia de origen: mxchpua
100 ## - ENCABEZAMIENTO-NOMBRE DE PERSONA
- Nombre de persona: Jiménez Vázquez, Rosa Crystal
374 ## - OCUPACIÓN
- Ocupación: alumna del DIA
